| 000 | 00418nam a2200181Ia 4500 | ||
|---|---|---|---|
| 001 | 13470 | ||
| 003 | GE_BSU | ||
| 008 | 181216s||||||||xx |||||||||||||| ||und|| | ||
| 040 | _cGE_BSU | ||
| 080 | _a004.43 | ||
| 100 | _aStevenson,Nancy | ||
| 245 | _aMicrosoft Project 2003 for Dummies | ||
| 260 | _bWiley | ||
| 260 | _c2004 | ||
| 300 | _a340p.ill.24cm. | ||
| 653 | _aMicrosoft Project 2003 for Dummies | ||
| 942 | _cBK | ||
| 999 |
_c46630 _d46630 |
||